| 000 | 00607nam a2200193 a 4500 | ||
|---|---|---|---|
| 003 | OSt | ||
| 005 | 20240227092752.0 | ||
| 008 | 180221t2015 pk | |||| 000 j urd d | ||
| 040 | _c0 | ||
| 082 |
_a891.4393 _bINT 2015 |
||
| 100 | 1 |
_aانتظارحسين _947098 |
|
| 245 | 1 | 0 |
_aشہرزادکےنام _cIntizar Husain |
| 246 | _aShehzad Ke Naam | ||
| 260 |
_aLahore: _bSang e Meel Pub; _c2015. |
||
| 300 | _a192 p. | ||
| 650 |
_aUrdu literature _vShort Stories. _91444 |
||
| 942 |
_2ddc _cBK _aSADA _k891.4393 INT 2015 |
||
| 999 |
_c608272 _d608272 |
||